El misticismo extraviado /

Estudio acerca de la doctrina e influencia del sabatismo, movimiento religioso del judaísmo que surgió en Turquía en 1664, diseminándose en algunas comunidades judías europeas, y se extinguió en el siglo XIX. Fundada por Sabatei Sevi, promovía un mesianismo nihilista que postulaba entre otras ideas,...

詳細記述

保存先:
書誌詳細
第一著者: Scholem, Gershom (autor)
フォーマット: 図書
言語:スペイン語
出版事項: Buenos Aires, Argentina : Lilmod, 2005, c2005
主題:
タグ: タグ追加
タグなし, このレコードへの初めてのタグを付けませんか!

MARC

LEADER 00000nam^a2200000^a^4500
001 000189892
005 20250521000000.0
009 20260310102429.35
020 |a 987-21897-2-2 
037 |a Acervo ITESO - Biblioteca 
041 |a ESP 
082 |a 296. 82  |b SCH 
100 |a Scholem, Gershom  |e (autor) 
245 1 3 |a El misticismo extraviado /  |c G. Scholem ; tr. por Mónica Sifrim. 
264 4 |a Buenos Aires, Argentina :  |b Lilmod,  |c 2005, c2005 
300 |a 231 p. 
336 |a texto  |b txt  |2 rdacontenido 
337 |a sin mediación  |b n  |2 rdamedio 
338 |a volumen  |b nc  |2 rdasoporte 
520 |a Estudio acerca de la doctrina e influencia del sabatismo, movimiento religioso del judaísmo que surgió en Turquía en 1664, diseminándose en algunas comunidades judías europeas, y se extinguió en el siglo XIX. Fundada por Sabatei Sevi, promovía un mesianismo nihilista que postulaba entre otras ideas, la violación de las normas y preceptos para cumplir con el espíritu de la Biblia y la destrucción como base de regeneración de la vida. 
649 |a XX 
650 |a Pecado 
650 |a Redención 
650 |a Mesianismo 
650 |a Apostasía 
650 |a Misticismo Judío 
650 |a Sabateos -  |x Tema Principal 
650 |a Sectas Judías 
650 |a Movimientos Religiosos 
650 |a Judaísmo 
650 |a Religión 
650 |a Sevi, Sabbatai 
650 |a Frank, Jacob 
910 |a Fondo General 
920 |a Impresos - Libros 
930 |a Colección General 
905 |a 101 
901 |a 0500133250  |b IT1  |c ACC  |u 20250521 
902 |a https://opac.biblio.iteso.mx/vufind/Record/000189892